Govt. of
Madhya Pradesh

BSF the eyes and ears of india (Record no. 69045)

MARC details
000 -LEADER
fixed length control field 00300nam a22001097a 4500
082 ## - DEWEY DECIMAL CLASSIFICATION NUMBER
Classification number 355/SOO
100 ## - MAIN ENTRY--AUTHOR NAME
Personal name Sood,Sanjeev krishan & Singh, Indrajeet & Das, Monojit
245 ## - TITLE STATEMENT
Title BSF the eyes and ears of india
260 ## - PUBLICATION, DISTRIBUTION, ETC. (IMPRINT)
Place of publication New delhi
Name of publisher Adroit publishers
Year of publication 2022
650 ## - SUBJECT ADDED ENTRY--TOPICAL TERM
Topical Term Military
942 ## - ADDED ENTRY ELEMENTS (KOHA)
Koha item type Books
Holdings
Withdrawn status Lost status Damaged status Not for loan Home library Current library Date acquired Cost, normal purchase price Full call number Accession Number Price effective from Koha item type
        MACL MACL 10/04/2026 995.00 355/SOO CRE040481 10/04/2026 Books